| Tag |
First Indicator |
Second Indicator |
Subfields |
| LEADER |
00000pam a22000004a 4500 |
| 001 |
in00001780021 |
| 005 |
20151025131322.0 |
| 008 |
030416s2003 gw a b 001 0 eng |
| 010 |
|
|
|a 2003050522
|
| 015 |
|
|
|a GBA3-X2449
|
| 016 |
7 |
|
|a 967966043
|2 GyFmDB
|
| 020 |
|
|
|a 3540015272 (alk. paper)
|
| 035 |
|
|
|a (OCoLC)ocm52134916
|
| 040 |
|
|
|a DLC
|c DLC
|d YDX
|d UKM
|d OHX
|d TXA
|d UtOrBLW
|
| 042 |
|
|
|a pcc
|
| 049 |
|
|
|a TXAM
|
| 050 |
0 |
0 |
|a TK8304
|b .S84 2003
|
| 072 |
|
7 |
|a TK
|2 lcco
|
| 082 |
0 |
0 |
|a 621.36/9
|2 21
|
| 100 |
1 |
|
|a Suhara, Toshiaki,
|d 1950-
|
| 245 |
1 |
0 |
|a Waveguide nonlinear-optic devices /
|c T. Suhara, M. Fujimura.
|
| 264 |
|
1 |
|a Berlin ;
|a New York :
|b Springer,
|c 2003.
|
| 300 |
|
|
|a xiii, 321 pages :
|b illustrations ;
|c 24 cm.
|
| 336 |
|
|
|a text
|b txt
|2 rdacontent
|
| 337 |
|
|
|a unmediated
|b n
|2 rdamedia
|
| 338 |
|
|
|a volume
|b nc
|2 rdacarrier
|
| 490 |
1 |
|
|a Springer series in photonics,
|x 1437-0379 ;
|v v. 11
|
| 504 |
|
|
|a Includes bibliographical references and index.
|
| 650 |
|
0 |
|a Optoelectronic devices.
|
| 650 |
|
0 |
|a Optical wave guides.
|
| 650 |
|
0 |
|a Nonlinear optics.
|
| 700 |
1 |
|
|a Fujimura, M.
|q (Masatoshi),
|d 1965-
|
| 830 |
|
0 |
|a Springer series in photonics.
|x 1437-0379 ;
|v v. 11.
|
| 938 |
|
|
|a Otto Harrassowitz
|b HARR
|n har035024009
|c 85.55 EUR
|
| 994 |
|
|
|a E0
|b TXA
|
| 948 |
|
|
|a cataloged
|b h
|c 2003/11/23
|d c
|e jlanham
|f 4:03:27 pm
|
| 999 |
|
|
|a MARS
|
| 999 |
f |
f |
|s ca47e8e7-fbff-36ec-becf-41702e7d94c1
|i 94bfa0ef-ec12-3680-b419-471782153cd1
|t 0
|
| 952 |
f |
f |
|p normal
|a Texas A&M University
|b College Station
|c Sterling C. Evans Library
|d Evans: Library Stacks
|t 0
|e TK8304 .S84 2003
|h Library of Congress classification
|i unmediated -- volume
|m A14830860681
|
| 998 |
f |
f |
|a TK8304 .S84 2003
|t 0
|l Evans: Library Stacks
|